LEADER 00938nas a2200229 i 4500 001 000000191301 003 CaOOAMICUS 005 20100723000000.0 008 100723b1992 it uu u0 0ita r 013 $a169820 040 $aSeMil$bita 245 13$aIl mio bel San Giovanni. 260 $aAlbiate :$b[s.n.],$c1992$e(Monza :$fTipografica sociale,$g1992) 300 $a149 p. :$bill. ;$c22 cm. 500 $aSupplemento de «il Cittadino della domenica» n. 12 del 21 marzo 1992. 650 4$aAlbiate - Storia.$0(OLS)http://semarc/subject/36039 773 0 $tQuaderni albiatesi de «Il Cittadino della domenica».$dAlbiate : [s.n.], 1982$w()2645 850 $aSeMil 852 $aSeMil$W1$xVenegono$y1$m199 6 44$j141915$B141915$CSeMilBibl$Z2$F153502 $85 961 $aOmaggio: Perego Franco 996 $6245$aIl mio bel San Giovanni$9(OLS)http://semarc/title/275647 996 $6260$aAlbiate :$b[s.n.]$9(OLS)http://semarc/publisher/30836 LEADER 02329nam a2200289 i 4500 001 000000023710 003 CaOOAMICUS 005 20260424141252.0 008 180830s19661976gw u000 u ger u 040 $aSeMil$bita 100 1 $aSchelling, Friedrich Wilhelm Joseph : von ,$d<1775-1854>.$0(OLS)http://semarc/name/20353 245 10$aAusgewählte Werke /$cSchelling. 250 $aUnveränderter reprografischer Nachdruck. 260 $aDarmstadt :$bWissenschaftliche Buchgesellschaft,$c1966-1976. 300 $a10 v. ;$c21 cm. 533 $aRipr. dell'Ed.$bStuttgart ; Augsburg :$cCotta'scher,$d1856-1861 774 0 $aSchelling, Friedrich Wilhelm Joseph : von <1775-1854>$tPhilosophie der Offenbarung.$bRist. anast.$dDarmstadt : Wissenschaftliche Buchgesellschaft, 1974.$z3-534-00104-4$w()23711 774 0 $aSchelling, Friedrich Wilhelm Joseph : von <1775-1854>$tPhilosophie der Mythologie.$bRist. anast.$dDarmstadt : Wissenschaftliche Buchgesellschaft, 1976.$z3-534-00440-X$w()23712 774 0 $aSchelling, Friedrich Wilhelm Joseph : von <1775-1854>$tPhilosophie der Kunst.$dDarmstadt : Wissenschaftliche Buchgesellschaft, 1976.$bRist. anast.$z3-534-00611-9$w()69222 774 0 $aSchelling, Friedrich Wilhelm Joseph : von <1775-1854>$tSchriften von 1794-1798.$bRist. anast.$dDarmstadt : Wissenschaftliche Buchgesellschaft, 1975.$z3-534-02571-7$w()69224 774 0 $aSchelling, Friedrich Wilhelm Joseph : von <1775-1854>$tSchriften von 1799-1801.$bRist. anast.$dDarmstadt : Wissenschaftliche Buchgesellschaft, 1975.$z3-534-02572-5$w()69225 774 0 $aSchelling, Friedrich Wilhelm Joseph : von <1775-1854>$tSchriften von 1801-1804.$bRist. anast.$dDarmstadt : Wissenschaftliche Buchgesellschaft, 1976.$z3-534-03303-5$w()69226 774 0 $aSchelling, Friedrich Wilhelm Joseph : von <1775-1854>$tSchriften von 1806-1813.$bRist. anast.$dDarmstadt : Wissenschaftliche Buchgesellschaft, 1976.$z3-534-03304-3$w()69227 774 0 $aSchelling, Friedrich Wilhelm Joseph : von <1775-1854>$tSchriften von 1813-1830.$bRist. anast.$dDarmstadt : Wissenschaftliche Buchgesellschaft, 1976.$z3-534-03305-1$w()69228 996 $6245$aAusgewählte Werke$9(OLS)http://semarc/title/33963 996 $6260$aDarmstadt :$bWissenschaftliche Buchgesellschaft$9(OLS)http://semarc/publisher/32002